00677nam a2200205Ia 4500952013600000999001500136003000400151005001700155008004100172020001800213040000900231082001700240100002800257245006700285250001200352260004700364300000900411650001100420942004000431 00102ddc40708BIOLOGYaMESbMEScBOTANYd2019-02-20g3729.00l0o572.7 PRI/Fp36120r2019-02-20 00:00:00w2019-02-20yBKzGL18R1 c1844d1844OSt20200924124657.0190216s9999||||xx |||||||||||||| ||und|| a9780198502296 coclc a572.7bPRI/F aPrice, Nicholas C94944 0aFundamentals Of Enzymology /cNicholas C Price ; Lewis Stevens a3rd Ed. bOxford University Press,c2011.aNew York: a478p aBotany cBK2ddch572.7iPRI/Fk572.7mPRI/F